000 00456nmm a2200169Ia 4500
008 251105s9999||||xx |||||||||||||||||und||
020 _a9789560102324
041 _aspa
100 _aOrellana, Ligia
245 0 _aAntes
264 _a[Santiago de Chile, Chile] :
_bRil editores,
_c2015
300 _a76 páginas
490 _a80 mundos
650 _aLatin American narrative
856 _uhttps://public.digitaliapublishing.com/a/42568
942 _cCF
999 _c93723
_d93723